MARC

LEADER 00000nam0a2200000 4500
001 261155
005 20240914063126.0
010 |a 5778000278 
035 |a (RuTPU)RU\TPU\book\284131 
090 |a 261155 
100 |a 20140521d1988 m y0rusy50 ca 
101 0 |a rus 
102 |a RU 
105 |a a z 000ab 
200 1 |a Для сердца нужно верить: (Круг гения)  |e роман  |f Е. Г. Криштоф  |g под ред. С. Н. Солодовниковой 
210 |a Симферополь  |c Таврия  |d 1988 
215 |a 416 с.  |c ил. 
600 1 |a Пушкин  |b А. С.  |c российский поэт  |c писатель  |f 1799-1837  |g Александр Сергеевич  |7 ca  |8 rus  |2 stltpush  |3 (RuTPU)RU\TPU\pers\1026  |9 453 
606 1 |a Русская литература, дореволюционная  |x История и критика  |2 stltpush  |3 (RuTPU)RU\TPU\subj\26372  |9 50315 
610 1 |a художественная литература 
610 1 |a романы 
610 1 |a биографии 
610 1 |a русские писатели 
610 1 |a русские поэты 
610 1 |a 19 век 
675 |a 8Р1(092)  |v 3 
700 1 |a Криштоф  |b Е. Г.  |g Елена Георгиевна  |4 070 
702 1 |a Солодовникова  |b С. Н.  |4 340 
801 1 |a RU  |b 63413507  |c 20140521 
801 2 |a RU  |b 63413507  |c 20211004  |g RCR 
942 |c BK